Oxford photo dictionary : inglés-español
Guardado en:
| Autor Principal: | |
|---|---|
| Formato: | Libro |
| Publicado: |
New York :
Oxford,
1992
|
| Materias: | |
| Etiquetas: |
Agregar Etiqueta
Sin Etiquetas, Sea el primero en etiquetar este registro!
|
| LEADER | 00602nam a22002055a 4500 | ||
|---|---|---|---|
| 001 | CEM.cems010214 | ||
| 005 | 20080603124240.0 | ||
| 008 | 130507s1992##################000#0#####d | ||
| 003 | CEMS | ||
| 020 | |a 0194313751 | ||
| 082 | 0 | 4 | |a 423.6 |
| 100 | 1 | |a Oxford, ed. | |
| 245 | 1 | 0 | |a Oxford photo dictionary : |b inglés-español |
| 260 | |a New York : |b Oxford, |c 1992 | ||
| 300 | |a 140 p. | ||
| 500 | |a Ejercicios prácticos para la clase y para uso personal | ||
| 653 | |a Diccionarios | ||
| 653 | |a Diccionarios-fotos | ||
| 653 | |a Inglés-diccionario | ||
| 859 | |a CEMS |b BIB. CEMS - 11 de abril |h 423.6 |i Ox2-1 |p 20288.99 |t Ej.1 | ||
